La diseducazione di Cameron Post /
Gardado en:
| Autor Principal: | |
|---|---|
| Formato: | Libro |
| Idioma: | Lingua italiana |
| Publicado: |
Milano :
Rizzoli,
2022
|
| Series: | Argentovivo
|
| Tags: |
Sen Etiquetas, Sexa o primeiro en etiquetar este rexistro!
|
MARC
| LEADER | 00000nam a22000007i 4500 | ||
|---|---|---|---|
| 001 | IT\ICCU\RAV\2144814 | ||
| 003 | ItRI | ||
| 005 | 20250805103543.0 | ||
| 008 | 220224s2022 it |||||| |||||1|||||c | ||
| 020 | |a 9788817161985 | ||
| 040 | |b ita |c Arcigay Queer VdA | ||
| 041 | 7 | |a ita |2 ISO-639-2 | |
| 100 | 1 | |a Danforth, Emily M. |0 IT\ICCU\CFIV\344823 | |
| 240 | 1 | 4 | |a The miseducation of Cameron Post |9 Danforth, Emily M. |
| 245 | 1 | 3 | |a La diseducazione di Cameron Post / |c Emily M. Danforth. |
| 260 | |a Milano : |b Rizzoli, |c 2022 | ||
| 300 | |a 536 p. ; |c 22 cm | ||
| 830 | 0 | |a Argentovivo |0 IT\ICCU\ARE\0002558 | |
| 942 | |2 ddc |c BK | ||
| 952 | |0 0 |1 0 |2 ddc |4 0 |6 813_600000000000000_DAN_DIS |7 0 |9 9437 |a AO |b AO |d 2025-08-05 |l 0 |o 813.6 DAN DIS |p 11546 |r 2025-08-05 10:36:21 |w 2025-08-05 |x donato dal reparto di Psichiatria AUSL |y BK | ||
| 981 | 1 | |6 z01 |a i |b xxxe | |
| 982 | 1 | |6 z01 |a n | |
| 999 | |c 7876 |d 7876 | ||